| 000 | 01713cam a22003017a 4500 | ||
|---|---|---|---|
| 999 |
_c15909 _d15909 |
||
| 003 | EG-ScBUE | ||
| 005 | 20191229104204.0 | ||
| 008 | 110824s1954 ua f d 000 0 ara d | ||
| 040 |
_aEG-ScBUE _bara _erda _dEG-ScBUE _cEG-ScBUE |
||
| 082 | 0 | 4 |
_a492.750902 _bر ا ز _222 |
| 100 | 1 |
_aرازي، محمد بن أبي بكر، _dق. 7 هـ.، _eمؤلف. _926888 |
|
| 245 | 1 | 0 |
_aمختار الصحاح / _c للشيخ الإمام محمد بن أبي بكر بن عبد القادر الرازي رحمه الله تعالى ؛ عنى بترتيبه السيد محمود خاطر ؛ ضبط هذا الكتاب الجليل صاحب الفضيلة الأستاذ الشيخ حمزة فتح الله، المفتش الأول للغة العربية بوزارة المعارف العمومية سابقا ؛ وعني بتصحيح هذه النسخة وتنقيحها وإكمال ضبطها وتعليق بعض حواشيها الأستاذ أحمد العوامري، المفتش الأول للغة العربية سابقا. |
| 250 | _aالطبعة الثامنة. | ||
| 264 | 1 |
_aالقاهرة : _bوزارة المعارف، _c1954. |
|
| 300 |
_a745 صفحة ؛ _c24 سم |
||
| 336 |
_2rdacontent _aنص _btxt |
||
| 337 |
_2rdamedia _aبدون وسيط _bn |
||
| 338 |
_2rdacarrier _aمجلد _bnc |
||
| 590 | _amahmoud sami | ||
| 650 | 7 |
_98104 _aاللغة العربية _vمعاجم _2BUEsh |
|
| 651 | _2BUEsh | ||
| 653 |
_cAugust2011 _bGGEN |
||
| 655 | _vReading book | ||
| 700 | 1 |
_926889 _aخاطر ، محمود، _eمحقق. |
|
| 700 | 0 |
_aحمزة فتح الله، _d1266-1336 هـ.، _eمراجع. _926890 |
|
| 700 | 1 |
_926891 _aعوامري، أحمد، _eمصحح. |
|
| 942 |
_2ddc _cREFERENCE |
||